000 00786nam a2200241Ia 4500
003 OSt
005 20220923212841.0
006 a|||||r|||| 00| 0
007 ta
008 220922b |||||||| |||| 00| 0 hin d
024 _a156,286
037 _cTextual
040 _aARTS
_cARTS
_bhin
041 _2hin
_ahin
082 _aO152:gx, M1
100 _aशर्मा, शेखर
245 0 _aसाहित्य सिद्धान्त और साहित्य रूप
246 _aSāhitya siddhānta aur sāhitya rūpa
260 _aनई दिल्ली
_b विश्वलोक प्रकाशन
_c1981
300 _a116 पृ.
_ccm.
942 _hO152:gx, M1
_cTEXL
_2CC
999 _c311604
_d311604